Get the Picture: California NBA Players Quiz Stats

 Plays Quiz Updated Jul 30, 2019

Score 0/16 Timer 03:00
2 Plays Today
Question Answer Wrong Answers
Kobe Bryant Lakers
96.2%
Clippers
0.5%
Warriors
0.4%
Kings
0.3%
Magic Johnson Lakers
96%
Clippers
0.5%
Warriors
0.5%
Kings
0.4%
Kareem Abdul-Jabbar Lakers
95.1%
Clippers
0.9%
Warriors
1%
Kings
0.6%
Stephen Curry Warriors
93.1%
Lakers
2.8%
Clippers
0.8%
Kings
0.6%
Blake Griffin Clippers
91.2%
Lakers
2.9%
Warriors
1.5%
Kings
1.8%
Klay Thompson Warriors
90.1%
Lakers
3.5%
Clippers
2.2%
Kings
1.3%
Jerry West Lakers
90%
Clippers
2.6%
Warriors
3.2%
Kings
1.4%
Chris Paul Clippers
89.2%
Lakers
3.7%
Warriors
2.4%
Kings
2.1%
DeAndre Jordan Clippers
86.5%
Lakers
3.8%
Warriors
3.3%
Kings
3.7%
Peja Stojakovic Kings
83%
Lakers
5.1%
Clippers
6.1%
Warriors
3%
Chris Mullin Warriors
77.7%
Lakers
5.3%
Clippers
6.4%
Kings
7.8%
Mike Bibby Kings
76.8%
Lakers
6.7%
Clippers
9.2%
Warriors
4.6%
Elton Brand Clippers
72.2%
Lakers
11.2%
Warriors
5.2%
Kings
8.6%
Oscar Robertson* Kings
67%
Lakers
13.3%
Clippers
7.7%
Warriors
9.2%
Brad Miller Kings
58.3%
Lakers
9.4%
Clippers
20.9%
Warriors
8.5%
Nate Thurmond Warriors
51.1%
Lakers
8.6%
Clippers
15%
Kings
22.5%

Today's Daily Dose

Missing Word
Banned Books (A-Z)

Word Ladder
Janis Joplin

Get the Picture
Occupations

You're not logged in!

Compare scores with friends on all Sporcle quizzes.
OR
Log In

Sporcle TV

Today on Sporcle TV


Watch our educational content, quiz creation guides, and fun videos on Sporcle TV.

Show Comments

Extras

Top Quizzes Today


Score Distribution

Your Account Isn't Verified!

In order to create a playlist on Sporcle, you need to verify the email address you used during registration. Go to your Sporcle Settings to finish the process.

Report this User

Report this user for behavior that violates our Community Guidelines.

Details: